ELECTROTHERAPY EXPLAINED : PRINCIPLES AND PRACTICE (Record no. 8377)

MARC details
000 -LEADER
fixed length control field 00495nam a22001817a 4500
005 - DATE AND TIME OF LATEST TRANSACTION
control field 20250409165834.0
008 - FIXED-LENGTH DATA ELEMENTS--GENERAL INFORMATION
fixed length control field 230817b |||||||| |||| 00| 0 eng d
020 ## - INTERNATIONAL STANDARD BOOK NUMBER
ISBN 978-81-312-0971-4
041 ## - LANGUAGE CODE
Language code of text/sound track or separate title eng
082 ## - DEWEY DECIMAL CLASSIFICATION NUMBER
Classification number 615.8 ROB-E
100 ## - MAIN ENTRY--AUTHOR NAME
Personal name ROBERTSON, VAL ,AND WARD, ALEX , LAW, JOHN AND REED, ANN
245 ## - TITLE STATEMENT
Title ELECTROTHERAPY EXPLAINED : PRINCIPLES AND PRACTICE
250 ## - EDITION STATEMENT
Edition statement 4TH, ED., 2006
260 ## - PUBLICATION, DISTRIBUTION, ETC. (IMPRINT)
Place of publication HARYANA
Name of publisher ELSEVIER
Year of publication 2006
300 ## - PHYSICAL DESCRIPTION
Number of Pages 554;p
650 ## - SUBJECT ADDED ENTRY--TOPICAL TERM
Topical Term BPT
942 ## - ADDED ENTRY ELEMENTS (KOHA)
Koha item type Books
Holdings
Lost status Damaged status Collection code Home library Current library Shelving location Date acquired Source of acquisition Cost, normal purchase price Full call number Accession Number Koha item type Serial Enumeration / chronology
    PHYSIOTHERAPY JRU Library JRU Library Shelf - 25- D 05/08/2023 PURCHASE 1575.00 615.8 27855 Books  
    PHYSIOTHERAPY JRU Library JRU Library SHELF-20-B 05/08/2023 PURCHASE 1575.00 615.8 27856 Books  
    PHYSIOTHERAPY JRU Library JRU Library SHELF-20-B 05/08/2023 PURCHASE 1575.00 615.8 27857 Books  
    Reference JRU Library JRU Library SHELF-8-A 09/04/2025 PURCHASE 3995.00 615.8 28633 Books 4TH ED.